| 000 | 00977nam a22002777a 4500 | ||
|---|---|---|---|
| 005 | 20240530110458.0 | ||
| 008 | 150615s2011 ua a g bbbb 000 0 ara d | ||
| 017 |
_a2010/10958 _bمصر . دار الكتب المصرية |
||
| 020 | _a9789774362434 | ||
| 040 | _aEG-CaGPL | ||
| 082 | 0 | 4 |
_221 _a272.11\ _bح ل |
| 100 | 0 | _aحسنى يوسف الاطير . | |
| 245 | 1 | 0 |
_aلماذا اختفى انجيل المسيح / _cتاليف حسنى يوسف الاطير . |
| 250 | _aط1. | ||
| 260 |
_aالقاهرة : _bمكتبة النافذة ، _c2011 . |
||
| 300 |
_a260 ص ؛ _c24 سم . |
||
| 650 | 0 | 4 | _aالانجيل . |
| 650 | 0 | 4 | _aالانجيل والالحاد . |
| 650 | 0 | 4 |
_aالمسيح _xالظهور . |
| 650 | 0 | 4 |
_aالمسيح _xتعليم . |
| 650 | 0 | 4 | _aالكنيسة و المشاكل الاجتماعية . |
| 650 | 0 | 4 | _aالمسيحية . |
| 650 | 0 | 4 | _aانجيل متى . |
| 942 |
_2ddc _cBK |
||
| 999 |
_c61405 _d61405 |
||